Administración: teoría, proceso, áreas funcionales y estrategias para la competitividad (Registro nro. 7588)
[ vista simple ]
| 000 -CABECERA | |
|---|---|
| campo de control de longitud fija | 00798aam a2200253 4500 |
| 005 - FECHA Y HORA DE ACTUALIZACIÓN | |
| campo de control | 20160201142254.0 |
| 008 - LONGITUD FIJA | |
| campo de control de longitud fija | 150810b xxu||||| |||| 00| 0 spa d |
| 041 ## - IDIOMA | |
| Código de idioma del texto/pista de sonido o título separado | |
| 082 ## - CLASIFICACIÓN DECIMAL DEWEY | |
| Número de clasificación | 658 |
| Número de documento/Ítem | H557ad3 |
| 100 ## - AUTOR PERSONAL | |
| Nombre de persona | Hernández y Rodríguez, Sergio |
| 100 ## - AUTOR PERSONAL | |
| Nombre de persona | Palafox de Anda, Gustavo |
| 245 ## - TÍTULO PROPIAMENTE DICHO | |
| Título | Administración: teoría, proceso, áreas funcionales y estrategias para la competitividad |
| 250 ## - EDICIÓN | |
| Mención de edición | 3 edición |
| 260 ## - PIE DE IMPRENTA | |
| Lugar de publicación, distribución, etc. | México |
| Nombre del editor, distribuidor, etc. | McGraw-Hill |
| Fecha de publicación, distribución, etc. | 2012 |
| 300 ## - DESCRIPCIÓN FÍSICA | |
| Extensión | 454 páginas |
| 650 ## - Materia General | |
| Materia general | ADMINISTRACIÓN |
| 650 ## - Materia General | |
| Materia general | ORGANIZACIONES |
| 650 ## - Materia General | |
| Materia general | ESCUELAS DEL PENSAMIENTO ADMINISTRATIVO |
| 650 ## - Materia General | |
| Materia general | PROCESO ADMINISTRATIVO |
| 650 ## - Materia General | |
| Materia general | PLANEACIÓN |
| 650 ## - Materia General | |
| Materia general | FINANZAS |
| 650 ## - Materia General | |
| Materia general | RESPONSABILIDAD SOCIAL |
| 942 ## - Punto de Acceso Adicional Koha | |
| Tipo de ítem Koha | Libro |
| Estado perdido | Estado dañado | No para préstamo | Biblioteca permanente | Biblioteca actual | Signatura completa | Código de barras | Precio efectivo a partir del | Tipo de ítem |
|---|---|---|---|---|---|---|---|---|
| Departamento de Biblioteca y Documentación Alfonso Chase Brenes | Departamento de Biblioteca y Documentación Alfonso Chase Brenes | 658 H557ad3 | 20322 | 01/02/2016 | Libro | |||
| Departamento de Biblioteca y Documentación Alfonso Chase Brenes | Departamento de Biblioteca y Documentación Alfonso Chase Brenes | 658 H557ad3 | 20323 | 01/02/2016 | Libro | |||
| Departamento de Biblioteca y Documentación Alfonso Chase Brenes | Departamento de Biblioteca y Documentación Alfonso Chase Brenes | 658 H557ad3 | 20324 | 01/02/2016 | Libro | |||
| Departamento de Biblioteca y Documentación Alfonso Chase Brenes | Departamento de Biblioteca y Documentación Alfonso Chase Brenes | 658 H557ad3 | 20325 | 01/02/2016 | Libro | |||
| Departamento de Biblioteca y Documentación Alfonso Chase Brenes | Departamento de Biblioteca y Documentación Alfonso Chase Brenes | 658 H557ad3 | 20326 | 01/02/2016 | Libro | |||
| Departamento de Biblioteca y Documentación Alfonso Chase Brenes | Departamento de Biblioteca y Documentación Alfonso Chase Brenes | 658 H557ad3 | 20327 | 01/02/2016 | Libro | |||
| Departamento de Biblioteca y Documentación Alfonso Chase Brenes | Departamento de Biblioteca y Documentación Alfonso Chase Brenes | 658 H557ad3 | 20328 | 01/02/2016 | Libro | |||
| Departamento de Biblioteca y Documentación Alfonso Chase Brenes | Departamento de Biblioteca y Documentación Alfonso Chase Brenes | 658 H557ad3 | 20329 | 01/02/2016 | Libro | |||
| Departamento de Biblioteca y Documentación Alfonso Chase Brenes | Departamento de Biblioteca y Documentación Alfonso Chase Brenes | 658 H557ad3 | 20330 | 01/02/2016 | Libro | |||
| Departamento de Biblioteca y Documentación Alfonso Chase Brenes | Departamento de Biblioteca y Documentación Alfonso Chase Brenes | 658 H557ad3 | 20331 | 01/02/2016 | Libro | |||
| Departamento de Biblioteca y Documentación Alfonso Chase Brenes | Departamento de Biblioteca y Documentación Alfonso Chase Brenes | 658 H557ad3 | 20332 | 01/02/2016 | Libro | |||
| Departamento de Biblioteca y Documentación Alfonso Chase Brenes | Departamento de Biblioteca y Documentación Alfonso Chase Brenes | 658 H557ad3 | 20333 | 01/02/2016 | Libro | |||
| Departamento de Biblioteca y Documentación Alfonso Chase Brenes | Departamento de Biblioteca y Documentación Alfonso Chase Brenes | 658 H557ad3 | 20334 | 01/02/2016 | Libro | |||
| Departamento de Biblioteca y Documentación Alfonso Chase Brenes | Departamento de Biblioteca y Documentación Alfonso Chase Brenes | 658 H557ad3 | 20335 | 01/02/2016 | Libro | |||
| Departamento de Biblioteca y Documentación Alfonso Chase Brenes | Departamento de Biblioteca y Documentación Alfonso Chase Brenes | 658 H557ad3 | 20336 | 01/02/2016 | Libro |